000 00488nam a22001697a 4500
005 20150909144107.0
008 150909b xxu||||| |||| 00| 0 eng d
050 _aBP75.
_bI79
100 _aIshaq, Ibn
_919646
245 _aThe life of Muhammad
_cby Ishaq, Ibn
260 _aLondon
_bThe Folio Society
_c2003
300 _a177p.;
_c22cm.
600 _aMuhammad
_919647
700 _aRehatsek, edward (tr.)
_919648
700 _aEdwards, Michael (ed.)
_919649
942 _2lcc
_cMONOGRAPH
999 _c123343
_d123343